| 000 | 01177cam a22003014a 4500 | ||
|---|---|---|---|
| 001 | 15549935 | ||
| 005 | 20100915150819.0 | ||
| 008 | 081209s2008 enk b 001 0 eng d | ||
| 010 | _a 2008300984 | ||
| 020 | _a0199545499 (hbk.) | ||
| 020 | _a9780199545490 (hbk.) | ||
| 020 | _a0199545502 (pbk.) | ||
| 020 | _a9780199545506 (pbk.) | ||
| 040 |
_aUKM _cUKM _dBTCTA _dBAKER _dYDXCP _dBWK _dBWKUK _dCDX _dDLC |
||
| 082 | 0 | 4 |
_a302.35 _222 _bCOM |
| 245 | 0 | 0 |
_aCommunity, Economic Creativity, and Organization / _cedited by Ash Amin, Joanne Roberts. |
| 260 |
_aOxford ; _aNew York : _bOxford University Press, _c2008. |
||
| 300 |
_axvii, 303 p. ; _c24 cm. |
||
| 504 | _aIncludes bibliographical references and index. | ||
| 650 | 0 |
_aOrganizational learning. _930211 |
|
| 650 | 0 |
_aCommunities of practice. _930212 |
|
| 653 |
_bEco _cJune2012 |
||
| 700 | 1 |
_aAmin, Ash. _930213 |
|
| 700 | 1 |
_aRoberts, Joanne. _930214 |
|
| 942 |
_2ddc _cBB |
||
| 999 |
_c16791 _d16791 |
||